000 00897nam a2200277 i 4500
001 000034941
003 DO-SdBNP
005 20240307183815.0
007 ta
008 100115s1980 dr a 001 0 spa d
040 _aDO-SdBNP
_bspa
_cBNPHU
_erda
082 _bM433o
_222
100 1 _a Matos G., Ramiro‏
_q(Matos González)
_d1927-
_937780
245 1 3 _aOrigen y evolución del escudo dominicano /
_cRamiro Matos González ; introducción José Miguel Soto
250 _a2a. edición
264 1 _aSanto Domingo :
_bMilvio y Asociados,
_c1980.
300 _a46 páginas
_bilustraciones
_c20 cm.
336 _2rdacontent
_atexto
_btxt
337 _2rdamedia
_asin mediación
_bn
338 _2rdacarrier
_avolumen
_bnc
504 _aBibliografía p: 46
590 _aInventariado, 2024/ YL
700 1 _aSoto, José Miguel
_eintroducción
_926983
910 _aYLockward
942 _2ddc
_cLF2
999 _c34432
_d34432